| 000 | 01653nam a2200409Ia 4500 | ||
|---|---|---|---|
| 001 | ebr10373399 | ||
| 003 | CaPaEBR | ||
| 006 | m u | ||
| 007 | cr cn||||||||| | ||
| 008 | 091218s2010 dcu sb 001 0 eng d | ||
| 010 | _z 2009052539 | ||
| 020 | _z9780815703891 (pbk. : alk. paper) | ||
| 040 |
_aCaPaEBR _cCaPaEBR |
||
| 035 | _a(OCoLC)607553726 | ||
| 050 | 1 | 4 |
_aE183.8.C9 _bH83 2010eb |
| 082 | 0 | 4 |
_a327.730729109/0511 _222 |
| 100 | 1 | _aHuddleston, Vicki. | |
| 245 | 1 | 0 |
_aLearning to salsa _h[electronic resource] : _bnew steps in U.S.-Cuba relations / _cVicki Huddleston, Carlos Pascual. |
| 260 |
_aWashington, D.C. : _bBrookings Institution Press, _cc2010. |
||
| 300 | _axiv, 245 p. | ||
| 504 | _aIncludes bibliographical references and index. | ||
| 533 |
_aElectronic reproduction. _bPalo Alto, Calif. : _cebrary, _d2010. _nAvailable via World Wide Web. _nAccess may be limited to ebrary affiliated libraries. |
||
| 650 | 0 |
_aEngagement (Philosophy) _xPolitical aspects. |
|
| 650 | 0 | _aPolitical games. | |
| 650 | 0 |
_aRole playing _xPolitical aspects. |
|
| 650 | 0 |
_aSocial change _zCuba. |
|
| 651 | 0 |
_aUnited States _xForeign relations _zCuba. |
|
| 651 | 0 |
_aCuba _xForeign relations _zUnited States. |
|
| 651 | 0 |
_aUnited States _xRelations _zCuba. |
|
| 651 | 0 |
_aCuba _xRelations _zUnited States. |
|
| 651 | 0 |
_aCuba _xPolitics and government _y1990- |
|
| 651 | 0 |
_aCuba _xSocial conditions _y1959- |
|
| 655 | 7 |
_aElectronic books. _2local |
|
| 700 | 1 | _aPascual, Carlos. | |
| 710 | 2 | _aebrary, Inc. | |
| 856 | 4 | 0 |
_uhttp://site.ebrary.com/lib/rucke/Doc?id=10373399 _zAn electronic book accessible through the World Wide Web; click to view |
| 999 |
_c99597 _d99597 |
||